[Event "XXI SuperGM"]
[Site "Linares ESP"]
[Date "2004.02.28"]
[Round "9"]
[White "Radjabov, T."]
[Black "Kasparov, G."]
[Result "1/2-1/2"]
[WhiteElo "2656"]
[BlackElo "2831"]
[PlyCount "115"]
[EventDate "2004.02.19"]

1. e4 e5 2. Nf3 Nc6 3. d4 exd4 4. Nxd4 Nf6 5. Nxc6 bxc6 6. e5 Qe7 7. Qe2 Nd5 8.
c4 Ba6 9. b3 g6 10. f4 f6 11. exf6 Qxe2+ 12. Bxe2 Bb4+ 13. Bd2 Bxd2+ 14. Nxd2
Nxf4 15. Rf1 Nxe2 16. Kxe2 Kf7 17. Kd3 Rae8 18. Rae1 Rxe1 19. Rxe1 Kxf6 20.
Ne4+ Kg7 21. Nc3 Kf7 22. Rf1+ Ke7 23. Re1+ Kf7 24. Rf1+ Ke7 25. Re1+ Kd8 26.
Rf1 Bb7 27. Ne4 Ke7 28. Re1 Kf7 29. Kd4 h6 30. b4 d6 31. c5 Rd8 32. Re3 g5 33.
Ra3 a6 34. Rf3+ Kg7 35. Re3 Bc8 36. Rc3 dxc5+ 37. Kxc5 Be6 38. Kxc6 Bxa2 39.
Nc5 Rb8 40. Ra3 Bc4 41. Ra4 Re8 42. Kxc7 Re2 43. g4 Rxh2 44. Nxa6 Rb2 45. Kb6
Be2 46. Nc5 Bxg4 47. b5 Be2 48. Ne6+ Kf6 49. Nd4 h5 50. Kc5 g4 51. b6 g3 52. b7
g2 53. b8=Q Rxb8 54. Nxe2 Rb2 55. Ng1 Rf2 (55... Rb1 56. Rf4+ (56. Nf3 g1=Q+
57. Nxg1 Rxg1 {and now Fritz, using its tablebases of all R+P vs R endgames,
tells us that the position is mate in 37 moves.}) 56... Ke5 57. Ne2 (57. Nh3
g1=Q+ 58. Nxg1 Kxf4) 57... g1=Q+ 58. Nxg1 Kxf4) 56. Ra6+ Kf5 57. Kd4 Rf1 58.
Ke3 1/2-1/2